[Event "Mecklenburg VP-chC"]
[Site "Greifswald"]
[Date "2024.03.25"]
[Round "6"]
[White "Thormaehlen, Tjark"]
[Black "Khanbekyan, Areg"]
[Result "1/2-1/2"]
[WhiteElo "1686"]
[BlackElo "1765"]
[PlyCount "146"]
[EventDate "2024.03.23"]
[EventType "swiss"]
[EventRounds "7"]
[EventCountry "GER"]
[SourceTitle "CBM 219 Extra"]
[Source "ChessBase"]
[SourceDate "2024.05.31"]
[SourceVersion "1"]
[SourceVersionDate "2024.05.31"]
[SourceQuality "1"]

1. e4 c5 2. Nc3 Nc6 3. f4 g6 4. Nf3 Bg7 5. g3 e6 6. Bg2 Nge7 7. d3 0-0 8. 0-0 d5 9. e5 a6 10. a4 Bd7 11. h3 Nf5 12. Ne2 b5 13. Qe1 Nb4 14. g4 Nxc2 15. Qc3 Nxa1 16. gxf5 bxa4 17. f6 Bh8 18. Qe1 Bxf6 19. exf6 Qxf6 20. f5 Nc2 21. Qd2 Nb4 22. Qh6 Qg7 23. Ne5 Bb5 24. Qxg7+ Kxg7 25. f6+ Kg8 26. Bh6 Rfd8 27. Nf4 Re8 28. Ng4 Nxd3 29. Bg7 h5 30. Nh6+ Kh7 31. Nxf7 Nxf4 32. Rxf4 Rab8 33. Ng5+ Kg8 34. Nxe6 Rxe6 35. Bxd5 Bd7 36. Bxe6+ Bxe6 37. Rxa4 Rb6 38. Re4 Kf7 39. h4 Rxb2 40. Ra4 Rb6 41. Kf2 c4 42. Ke3 c3 43. Rd4 Rc6 44. Rd8 Rc8 45. Rxc8 Bxc8 46. Kd3 c2 47. Kxc2 Ke6 48. Kb3 Kf5 49. f7 Be6+ 50. Kb4 Bxf7 51. Ka5 g5 52. hxg5 h4 53. Bd4 h3 54. Bg1 Bc4 55. g6 Kxg6 56. Bh2 Kg5 57. Kb4 Bf1 58. Kc3 Kg4 59. Kd2 Kf3 60. Ke1 Bc4 61. Kd2 a5 62. Kc3 Kg2 63. Bf4 Be2 64. Kb3 Bd1+ 65. Ka3 h2 66. Bxh2 Kxh2 67. Kb2 Kg3 68. Ka3 Kf3 69. Kb2 Ke2 70. Kc3 a4 71. Kb2 Kd2 72. Ka1 Kc1 73. Ka2 Bb3+ 1/2-1/2

[Event "Mecklenburg VP-ch U12"]
[Site "Malchow"]
[Date "2018.02.07"]
[Round "7.7"]
[White "Kloepzig, Lars Arvid"]
[Black "Thormaehlen, Tjark"]
[Result "1-0"]
[WhiteElo "1329"]
[BlackElo "954"]
[PlyCount "71"]
[EventDate "2018.02.07"]
[EventType "swiss"]
[EventRounds "7"]
[EventCountry "GER"]
[SourceTitle "EXT 2022"]
[Source "ChessBase"]
[SourceDate "2021.10.06"]
[SourceVersion "1"]
[SourceVersionDate "2021.10.06"]
[SourceQuality "1"]

1. e4 e5 2. Bc4 Nf6 3. Nf3 d6 4. Nc3 Be6 5. Bxe6 fxe6 6. 0-0 Be7 7. d3 h6 8. d4 exd4 9. Nxd4 Qd7 10. Be3 Nc6 11. Nf3 0-0-0 12. Qe2 g5 13. Rad1 g4 14. Nh4 Rdg8 15. Bf4 d5 16. f3 Bc5+ 17. Kh1 e5 18. Nxd5 Nxd5 19. Rxd5 Qe7 20. Nf5 Qe6 21. Bg3 Bb6 22. Rfd1 Rd8 23. c4 Kb8 24. a3 a6 25. b4 gxf3 26. gxf3 Rhf8 27. b5 axb5 28. cxb5 Nd4 29. Qc4 c6 30. Rxd8+ Rxd8 31. Qxe6 Nxe6 32. Bxe5+ Ka7 33. Rxd8 Nxd8 34. bxc6 Nxc6 35. Bd6 h5 36. e5 1-0